<?xml version="1.0" encoding="UTF-8"?><?xml-stylesheet type="text/xsl" href="static/style.xsl"?><OAI-PMH xmlns="http://www.openarchives.org/OAI/2.0/" xmlns:xsi="http://www.w3.org/2001/XMLSchema-instance" xsi:schemaLocation="http://www.openarchives.org/OAI/2.0/ http://www.openarchives.org/OAI/2.0/OAI-PMH.xsd"><responseDate>2026-04-14T04:42:02Z</responseDate><request verb="GetRecord" identifier="oai:www.recercat.cat:20.500.12327/489" metadataPrefix="marc">https://recercat.cat/oai/request</request><GetRecord><record><header><identifier>oai:recercat.cat:20.500.12327/489</identifier><datestamp>2025-10-22T11:05:26Z</datestamp><setSpec>com_2072_4428</setSpec><setSpec>com_2072_4427</setSpec><setSpec>col_2072_487898</setSpec></header><metadata><record xmlns="http://www.loc.gov/MARC21/slim" xmlns:dcterms="http://purl.org/dc/terms/" xmlns:xsi="http://www.w3.org/2001/XMLSchema-instance" xmlns:doc="http://www.lyncode.com/xoai" xsi:schemaLocation="http://www.loc.gov/MARC21/slim http://www.loc.gov/standards/marcxml/schema/MARC21slim.xsd">
   <leader>00925njm 22002777a 4500</leader>
   <datafield ind2=" " ind1=" " tag="042">
      <subfield code="a">dc</subfield>
   </datafield>
   <datafield ind2=" " ind1=" " tag="720">
      <subfield code="a">Prats-Llinàs, Maria Teresa</subfield>
      <subfield code="e">author</subfield>
   </datafield>
   <datafield ind2=" " ind1=" " tag="720">
      <subfield code="a">García-Tejera, Omar</subfield>
      <subfield code="e">author</subfield>
   </datafield>
   <datafield ind2=" " ind1=" " tag="720">
      <subfield code="a">Marsal, Jordi</subfield>
      <subfield code="e">author</subfield>
   </datafield>
   <datafield ind2=" " ind1=" " tag="720">
      <subfield code="a">Girona, Joan</subfield>
      <subfield code="e">author</subfield>
   </datafield>
   <datafield ind2=" " ind1=" " tag="260">
      <subfield code="c">2019-02-15</subfield>
   </datafield>
   <datafield ind2=" " ind1=" " tag="520">
      <subfield code="a">Water stress responses during the post-harvest period were evaluated in a Chardonnay container-grown grapevines grafted onto 1103 Paulsen rootstock. The irrigation treatments were: a control treatment (C) (irrigated to match ETC demands) and a water stress treatment (WS) (irrigated when midday stem water potential reached a -1.1 MPa threshold). Photosynthesis, biomass and carbohydrate content were determined on five vines in each treatment on specific dates, from harvest until leaf fall. Stressed vines reduced leaf area due to defoliation, while well-watered vines had a higher carbon accumulation allowing the formation of new roots during the post-harvest period. No dry biomass accumulation was observed in the shoot and trunk organs after fruit harvest. Starch concentration and content were not affected by water stress. At the end of the experiment, starch concentrations were lower in the shoots and trunk than in the roots. Water stress induced a variation on biomass accumulation between above and below ground perennial organs, with the roots being the main organs in which biomass and starch concentrations were accumulated and kept, respectively.</subfield>
   </datafield>
   <datafield ind1="8" ind2=" " tag="024">
      <subfield code="a">Prats-Llinàs, Maria Teresa, Omar García-Tejera, Jordi Marsal, and Joan Girona. 2019. "Water Stress During The Post-Harvest Period Affects New Root Formation But Not Starch Concentration And Content In Chardonnay Grapevine (Vitis Vinifera L.) Perennial Organs". Scientia Horticulturae 249: 461-470. Elsevier BV. doi:10.1016/j.scienta.2019.02.027.</subfield>
   </datafield>
   <datafield ind1="8" ind2=" " tag="024">
      <subfield code="a">0304-4238</subfield>
   </datafield>
   <datafield ind1="8" ind2=" " tag="024">
      <subfield code="a">http://hdl.handle.net/20.500.12327/489</subfield>
   </datafield>
   <datafield ind1="8" ind2=" " tag="024">
      <subfield code="a">https://doi.org/10.1016/j.scienta.2019.02.027</subfield>
   </datafield>
   <datafield ind2="0" ind1="0" tag="245">
      <subfield code="a">Water stress during the post-harvest period affects new root formation but not starch concentration and content in Chardonnay grapevine (Vitis vinifera L.) perennial organs</subfield>
   </datafield>
</record></metadata></record></GetRecord></OAI-PMH>